| 000 | 00641nam a2200205 a 4500 | ||
|---|---|---|---|
| 005 | 20220622063556.0 | ||
| 008 | 090304s2005 mx r 000 0 spa d | ||
| 020 | _a9709847007 | ||
| 035 | _aUPN01000169702 | ||
| 049 | _aI | ||
| 050 | 4 |
_aPZ76.3 _bC8.4 |
|
| 100 | 1 |
_aCuriel Defossé, Rosana, _d1957- _933280 |
|
| 245 | 1 | 3 |
_aEl gran viaje de Tino / _cRosana Curiel Defossé ; il. Héctor Medina Bojórquez. |
| 260 |
_aMéxico : _bYo Sí Leo, _c2005. |
||
| 300 |
_a55 p. : _bil. col. |
||
| 440 | 0 |
_aCómplices. _pA partir de 8 años |
|
| 650 | 4 |
_aCuentos infantiles _96744 |
|
| 650 | 0 |
_aAnimales _vCuentos y leyendas _9234 |
|
| 905 | _aInfantil | ||
| 999 |
_c141808 _d141808 |
||